Skip to content
VuFind
Login
All Fields
Title
Author
Subject
Call Number
ISBN/ISSN
Tag
Find
Advanced
අසමසම ජීවිතයක් = Lulu Life/...
Cite this
Text this
Email this
Print
Export Record
Export to RefWorks
Export to EndNoteWeb
Export to EndNote
Export to MARC
Export to BibTeX
Export to RIS
Save to List
Permanent link
අසමසම ජීවිතයක් = Lulu Life/
Saved in:
Bibliographic Details
Main Author:
මාර්ක්ටිවෙන්
Other Authors:
කළුආරච්චි, සමන්
Format:
Book
Language:
English
Sinhalese
Published:
කොළඹ ;
සූරිය,
2025
Subjects:
පරිවර්තන
කැනඩාව
Tags:
Add Tag
No Tags, Be the first to tag this record!
Holdings
Description
Comments
Similar Items
Staff View
MARC
LEADER
00000nam a22000007a 4500
003
LK-VePL
005
20251213134623.0
008
251213b |||||||| |||| 00| 0 eng d
020
|a
9786246446703
040
|a
LK-VePL
|b
sin
|d
LK-VePL
041
|a
sin
082
|a
839.53
|b
මාර්ක්
100
|a
මාර්ක්ටිවෙන්
245
|a
අසමසම ජීවිතයක් = Lulu Life/
|c
මාර්ක්ටාවෙන්
260
|a
කොළඹ ;
|b
සූරිය,
|c
2025
300
|a
පි. 451 :
|c
සෙ.මී. 21
650
0
|a
පරිවර්තන
653
|a
කැනඩාව
700
|a
කළුආරච්චි, සමන්
942
|c
LBK
999
|c
13275
|d
13275
Similar Items
එමලි 3 = Emily climbs/
by: මොන්ට්ගොමරි,ලුසී මෝඩි
Published: (2006)
එමලි-2 = Emily of new moon/
by: මොන්ට්ගොමරි, ලුසී මෝඩ්
ඈන් 1 : අරඹෙ ගෙදර ඈන් = Anne of green gables/
by: මොන්ටිගොමරි,ලුසී මෝඩි
Published: (2001)
ඒ අපූරු මග = leadership wisdom/
by: ෂර්මා, රොබින්
Published: (2018)
අමුතු ඉලන්දාරියා = funny boy/
by: ශ්යොම්,සෙල්වදොරේ
Published: (2002)